000
00253nam a22000857a 4500
008
160811b xxu||||| |||| 00| 0 eng d
100
_9
107
_a
Sharman
245
_a
Together with English language Literature-X
260
_a
New Delhi
_b
Rachna Sagar Publication
_c
2007
999
_c
2760
_d
2760